书目信息 |
| 题名: |
中文版Photoshop CS2商业美术设计师速成金典
|
|
| 作者: | 袁福庆 编著 | |
| 分册: | ||
| 出版信息: | 上海 上海科学普及出版社 2007.06 |
|
| 页数: | 261页 | |
| 开本: | 26cm | |
| 丛书名: | ||
| 单 册: | ||
| 中图分类: | J524.3-39 | |
| 科图分类: | ||
| 主题词: | 商业广告--shang ye guang gao--计算机辅助设计--图形软件 | |
| 电子资源: | ||
| ISBN: | 978-7-5427-3723-6 | |
| 000 | 01003nam0 2200253 450 | |
| 001 | 012008506488 | |
| 005 | 20080605083101.10 | |
| 010 | @a978-7-5427-3723-6@dCNY36.00 (含光盘) | |
| 010 | @a7-89993-722-1@b光盘 | |
| 100 | @a20080605d2007 em y0chiy0120 ea | |
| 101 | 0 | @achi |
| 102 | @aCN@b310000 | |
| 105 | @aa z 000yy | |
| 106 | @ar | |
| 200 | 1 | @a中文版Photoshop CS2商业美术设计师速成金典@Azhong wen ban Photoshop CS2 shang ye mei shu she ji shi su cheng jin dian@f袁福庆编著@Fyuan fu qing bian zhu |
| 210 | @a上海@c上海科学普及出版社@d2007.06 | |
| 215 | @a261页@c图@d26cm@e光盘1片 | |
| 330 | @a本书通过56组精彩实例,详细讲述了使用PhotoShop CS2和CoreIDRAW 12设计制作商业美术字体的技巧与方法。 | |
| 517 | 1 | @aPhotoshop CS2 商业美术设计师@APhotoshop CS2 shang ye mei shu she ji shi |
| 606 | 0 | @a商业广告@Ashang ye guang gao@x计算机辅助设计@x图形软件 |
| 690 | @aJ524.3-39@v4 | |
| 701 | 0 | @a袁福庆@Ayuan fu qing@4编著 |
| 801 | 0 | @aCN@bQSSK@c20080605 |
| 905 | @b724424-26@dJ524.3-39@eY885@f3 | |
| 中文版Photoshop CS2商业美术设计师速成金典/袁福庆编著.-上海:上海科学普及出版社,2007.06 |
| 261页:图;26cm+光盘1片 |
| ISBN 978-7-5427-3723-6:CNY36.00 (含光盘) |
| 本书通过56组精彩实例,详细讲述了使用PhotoShop CS2和CoreIDRAW 12设计制作商业美术字体的技巧与方法。 |
| ● |
| 相关链接 |
|
|
|
正题名:中文版Photoshop CS2商业美术设计师速成金
索取号:J524.3-39/Y885
 
预约/预借
| 序号 | 登录号 | 条形码 | 馆藏地/架位号 | 状态 | 备注 |
| 1 | 724424 | 207244249 | 社科库309/309社科库 87排4列3层/ [索取号:J524.3-39/Y885] | 在馆 | |
| 2 | 724425 | 207244258 | 社科库309/309社科库 89排4列6层/ [索取号:J524.3-39/Y885] | 在馆 | |
| 3 | 724426 | 207244267 | 自科二线404/404自科库 4排5列1层/ [索取号:J524.3-39/Y885] | 在馆 |